000
00303nam a22001337a 4500
003
SGT
082
_a
370
_b
S06R
100
_a
RANCHAN, SOM P.
245
_a
SONIA GANDHI: A PROFILE IN COURAGE AND GRACE
260
_a
NEW DELHI
_b
INDIAN PUB
_c
2006
300
_a
66
650
_a
EDUCATION
942
_2
ddc
_c
BK
999
_c
12545
_d
12545